[Event " ch N1 B"]
[Site "Hyères"]
[Date "2006.10.15"]
[Round "1.1"]
[White "Sanchez, Joseph"]
[Black "Kosten, Anthony C"]
[Result "1/2-1/2"]
[WhiteElo "2492"]
[BlackElo "2542"]
[PlyCount "146"]
[EventDate "2006.10.15"]

1. e4 e5 2. Nf3 Nc6 3. d4 exd4 4. Nxd4 Nf6 5. Nc3 Bb4 6. Nxc6 bxc6 7. Bd3 d6 8.
O-O Ng4 9. h3 Ne5 10. f4 Nxd3 11. cxd3 O-O 12. Qa4 Bxc3 13. bxc3 c5 14. f5 f6
15. c4 Bd7 16. Qa5 Bc6 17. Bb2 Rb8 18. Qd2 a5 19. Rf2 a4 20. g4 Qe7 21. Raf1
Kf7 22. g5 Ke8 23. Bc3 Kd7 24. Rg2 Rg8 25. Kh2 Rbf8 26. gxf6 gxf6 27. Rfg1
Rxg2+ 28. Rxg2 Qf7 29. Qh6 Rg8 30. Rxg8 Qxg8 31. a3 Kc8 32. Qxf6 Be8 33. Qe7
Qf7 34. Qxf7 Bxf7 35. Kg3 Bh5 36. Kf4 Be2 37. Ke3 Bf1 38. h4 Kd7 39. Ba5 c6 40.
Be1 Bh3 41. Bg3 Bg4 42. Bh2 Bh5 43. Bg1 Ke7 44. Bf2 Kf7 45. d4 cxd4+ 46. Kxd4
Bg4 47. c5 d5 48. exd5 Bxf5 49. Ke5 Bh3 50. Kd6 cxd5 51. c6 d4 52. Bxd4 Ke8 53.
Bf6 Bg4 54. Bg5 Bf5 55. Kc7 Be4 56. Kb6 Bf3 57. Kb5 Bd1 58. Kb6 Bf3 59. Kb7 Be4
60. Kc7 Bf3 61. Kd6 Be4 62. c7 Bb7 63. h5 Bc8 64. Kc6 Ba6 65. h6 Bc8 66. Bd8
Ba6 67. Kb6 Bc8 68. Ka5 Bd7 69. Bh4 Kf7 70. c8=Q Bxc8 71. Kxa4 Ke6 72. Ka5 Kd5
73. a4 Bd7 1/2-1/2

[Event " ch N1 B"]
[Site "Hyères"]
[Date "2006.10.15"]
[Round "1.2"]
[White "Renet, Olivier"]
[Black "Levacic, Damir"]
[Result "1-0"]
[WhiteElo "2512"]
[BlackElo "2268"]
[PlyCount "99"]
[EventDate "2006.10.15"]

1. e4 c5 2. Nf3 d6 3. d4 cxd4 4. Nxd4 Nf6 5. Nc3 Nc6 6. Bg5 e6 7. Qd2 Be7 8.
O-O-O Nxd4 9. Qxd4 O-O 10. f4 Qa5 11. Bc4 Bd7 12. e5 dxe5 13. fxe5 Bc6 14. Bd2
Nd7 15. Nd5 Qd8 16. Nxe7+ Qxe7 17. Rhe1 Rfd8 18. Qg4 Nf8 19. Bf1 Ng6 20. Bb4
Rxd1+ 21. Rxd1 Qh4 22. Qxh4 Nxh4 23. Rd2 f6 24. exf6 gxf6 25. Rd4 Nf5 26. Rf4
Kf7 27. Bc3 h5 28. g3 Bd7 29. Bg2 Rb8 30. Be4 b5 31. Bd3 Rg8 32. Bxf5 exf5 33.
Rd4 Be6 34. a4 a6 35. a5 Rc8 36. Rd6 Rc4 37. Rxa6 b4 38. Bd2 h4 39. Rb6 hxg3
40. hxg3 f4 41. gxf4 Bf5 42. Rxb4 Rxc2+ 43. Kd1 Rc6 44. Ke2 Bg4+ 45. Kf2 Ke6
46. Rb5 Kd7 47. Bc3 Re6 48. Rb7+ Kc8 49. Rf7 f5 50. Be5 1-0

[Event " ch N1 B"]
[Site "Hyères"]
[Date "2006.10.15"]
[Round "1.3"]
[White "Marino, Olivier"]
[Black "Krivoshey, Sergei"]
[Result "0-1"]
[WhiteElo "2125"]
[BlackElo "2484"]
[PlyCount "32"]
[EventDate "2006.10.15"]

1. e4 d5 2. exd5 Nf6 3. d4 Bg4 4. Bb5+ c6 5. dxc6 Nxc6 6. f3 Qa5+ 7. Nc3 Bf5 8.
Bd2 O-O-O 9. Bxc6 bxc6 10. Nge2 e5 11. dxe5 Qxe5 12. Qc1 Bc5 13. b4 Rxd2 14.
bxc5 Rxc2 15. Qf4 Qxf4 16. Nxf4 Rxc3 0-1

[Event " ch N1 B"]
[Site "Hyères"]
[Date "2006.10.15"]
[Round "1.4"]
[White "Boudre, Jean-Pierre"]
[Black "Delabaca, Romuald"]
[Result "1-0"]
[WhiteElo "2324"]
[BlackElo "2172"]
[PlyCount "47"]
[EventDate "2006.10.15"]

1. e4 e5 2. Nf3 Nf6 3. d4 Nxe4 4. Bd3 d5 5. Nxe5 Nd7 6. Nxd7 Bxd7 7. Nc3 Nxc3
8. bxc3 Bd6 9. Qh5 Be6 10. O-O g6 11. Qh6 Bf8 12. Qe3 Be7 13. Rb1 Rb8 14. f4
O-O 15. f5 Bc8 16. Qh6 Bf6 17. Ba3 Bg7 18. Qf4 Re8 19. fxg6 fxg6 20. Qf7+ Kh8
21. Rbe1 Bg4 22. h3 Bd7 23. Be7 Qc8 24. Bxg6 1-0

[Event " ch N1 B"]
[Site "Hyères"]
[Date "2006.10.15"]
[Round "1.5"]
[White "Canneva, Florian"]
[Black "Verneuil, Pascal"]
[Result "0-1"]
[WhiteElo "2100"]
[BlackElo "2117"]
[PlyCount "72"]
[EventDate "2006.10.15"]

1. e4 c5 2. Nf3 d6 3. d4 cxd4 4. Nxd4 Nf6 5. Nc3 a6 6. Bg5 e6 7. f4 Be7 8. Qf3
Qc7 9. g4 Nc6 10. O-O-O Bd7 11. Nb3 Rc8 12. Bxf6 gxf6 13. f5 Ne5 14. Qe2 b5 15.
Bh3 b4 16. fxe6 fxe6 17. Nb1 Bb5 18. Qf2 Nd3+ 19. Rxd3 Bxd3 20. c3 a5 21. g5 f5
22. Qd4 Bxg5+ 23. Kd1 Bxb1 24. Qxh8+ Kf7 25. Qxh7+ Kf6 26. Qxc7 Rxc7 27. exf5
bxc3 28. bxc3 Rxc3 29. Bg4 exf5 30. Rf1 Kg6 31. Bf3 a4 32. Na5 Rc1+ 33. Ke2
Rxf1 34. Kxf1 Bxa2 35. Ke2 Be6 36. Kd3 a3 0-1

[Event " ch N1 B"]
[Site "Hyères"]
[Date "2006.10.15"]
[Round "1.6"]
[White "Poisson, Olivier"]
[Black "Vuillermoz, Robert"]
[Result "1/2-1/2"]
[WhiteElo "2162"]
[BlackElo "2107"]
[PlyCount "63"]
[EventDate "2006.10.15"]

1. d4 d5 2. c4 c6 3. Nc3 Nf6 4. e3 e6 5. Nf3 Nbd7 6. Qc2 Bd6 7. g4 Nxg4 8. Rg1
f5 9. cxd5 exd5 10. h3 Ngf6 11. Rxg7 Ne4 12. Bd2 Ndf6 13. Bd3 Kf8 14. Rg1 Qe7
15. O-O-O Be6 16. Ne5 Bxe5 17. dxe5 Nd7 18. f3 Nxd2 19. Rxd2 Nxe5 20. Bxf5 Nxf3
21. Rf2 Nxg1 22. Bxe6+ Ke8 23. Nxd5 cxd5 24. Qa4+ Kd8 25. Qd4 Rc8+ 26. Bxc8 Re8
27. Bg4 Qxe3+ 28. Qxe3 Rxe3 29. Kd2 Rg3 30. Rf5 Nxh3 31. Rxd5+ Kc7 32. Rd7+
1/2-1/2

[Event " ch N1 B"]
[Site "Hyères"]
[Date "2006.10.15"]
[Round "1.7"]
[White "Sighirdjian, Eric-Mikhail"]
[Black "Hulin, Jerome"]
[Result "1-0"]
[WhiteElo "2183"]
[BlackElo "2072"]
[PlyCount "83"]
[EventDate "2006.10.15"]

1. e4 c5 2. Nf3 d6 3. d4 cxd4 4. Nxd4 Nf6 5. Nc3 a6 6. a4 e5 7. Nb3 Be6 8. Be2
d5 9. exd5 Nxd5 10. Ne4 Nc6 11. O-O Ndb4 12. Nbc5 Qxd1 13. Rxd1 Bxc5 14. Nxc5
Nxc2 15. Nxe6 fxe6 16. Rb1 N2d4 17. Bd3 Rc8 18. Bd2 Nb3 19. Bc3 Ncd4 20. Re1
Nc5 21. Be4 O-O 22. f3 Rf7 23. a5 g5 24. Rbd1 Rd8 25. Rd2 g4 26. fxg4 Rf4 27.
Bf3 Nxf3+ 28. gxf3 Rxd2 29. Bxd2 Rxf3 30. Rxe5 Nb3 31. Bc3 Kf7 32. Re4 Rd3 33.
Rb4 Nc5 34. Rc4 Rd5 35. b4 Na4 36. Rc7+ Kg6 37. Bh8 Rb5 38. Rg7+ Kh6 39. h4
Rxb4 40. Rg8 Rb1+ 41. Kg2 Nc5 42. Rg5 1-0

[Event " ch N1 B"]
[Site "Hyères"]
[Date "2006.10.15"]
[Round "1.8"]
[White "Fernandez, Laura"]
[Black "Verot, Melanie"]
[Result "1/2-1/2"]
[WhiteElo "2030"]
[BlackElo "2082"]
[PlyCount "96"]
[EventDate "2006.10.15"]

1. e4 c5 2. Nf3 d6 3. d4 cxd4 4. Nxd4 Nf6 5. Nc3 a6 6. a4 e6 7. Be2 Be7 8. Be3
Nc6 9. f4 Qc7 10. O-O O-O 11. Kh1 Bd7 12. Nb3 Nb4 13. e5 Nfd5 14. Nxd5 Nxd5 15.
Bd4 Bc6 16. a5 dxe5 17. Bxe5 Qd8 18. Qd3 f6 19. Bd4 Rc8 20. Qh3 f5 21. Rad1 Bd6
22. Bxg7 Kxg7 23. c4 Qf6 24. cxd5 Bxd5 25. Nd4 Kh8 26. Bf3 Bc4 27. Rfe1 Bc5 28.
Ne2 Rc7 29. Nc3 Bb4 30. Be2 Bb3 31. Rd3 Bxa5 32. Bd1 Bc4 33. Rde3 Bb6 34. Rf3
Bd4 35. b3 Bb5 36. Nxb5 axb5 37. Be2 b4 38. Bc4 Rc6 39. Rd3 Rd8 40. Red1 Rcd6
41. Qh5 b6 42. Rh3 Qe7 43. Rdd3 Qg7 44. Rhg3 Qf6 45. Rh3 Qg7 46. Rdg3 Qa7 47.
Qe2 b5 48. Bxb5 Bc3 $11 1/2-1/2

[Event " ch N1 B"]
[Site "Hyères"]
[Date "2006.10.15"]
[Round "1.1"]
[White "Rahal, Michael"]
[Black "Ninov, Nikolai"]
[Result "1/2-1/2"]
[WhiteElo "2390"]
[BlackElo "2500"]
[PlyCount "83"]
[EventDate "2006.10.15"]

1. e4 c5 2. Nf3 d6 3. d4 Nf6 4. Nc3 cxd4 5. Nxd4 a6 6. Be3 e6 7. f3 b5 8. Qd2
Nbd7 9. g4 h6 10. O-O-O b4 11. Nce2 Qa5 12. Kb1 Bb7 13. h4 d5 14. Bh3 dxe4 15.
g5 hxg5 16. hxg5 exf3 17. Ng3 Nd5 18. g6 O-O-O 19. gxf7 Kb8 20. Bxe6 Rxh1 21.
Nxh1 Ne5 22. Bf4 Nxf4 23. Qxf4 Qc7 24. Nf2 Bc5 25. Nb3 Rxd1+ 26. Nxd1 Bf8 27.
Nd4 Qd6 28. c3 bxc3 29. bxc3 Ng6 30. Qxd6+ Bxd6 31. Nf2 Nf8 32. Bf5 Bd5 33. Be4
Bxf7 34. Bxf3 Bc5 35. Ne4 Bxd4 36. cxd4 Ne6 37. d5 Nd4 38. Ng5 Nxf3 39. Nxf7 g5
40. Nd6 g4 41. Ne4 Nd4 42. Kc1 1/2-1/2

[Event " ch N1 B"]
[Site "Hyères"]
[Date "2006.10.15"]
[Round "1.2"]
[White "Marholev, Dimitar"]
[Black "Gervasio, Ricardo"]
[Result "1-0"]
[WhiteElo "2391"]
[BlackElo "2292"]
[PlyCount "91"]
[EventDate "2006.10.15"]

1. e4 e6 2. d4 d5 3. Nd2 Nc6 4. Ngf3 Nf6 5. e5 Nd7 6. Bb5 Be7 7. c3 Ncb8 8. O-O
b6 9. Re1 Ba6 10. Ba4 Bd3 11. Nf1 Bg6 12. Ne3 c6 13. h3 b5 14. Bc2 a5 $11 15.
Nh2 c5 16. f4 Bxc2 17. Qxc2 Nc6 18. Nf3 Qb6 19. f5 O-O 20. Rd1 Rfe8 21. Qf2
cxd4 22. cxd4 exf5 23. Nxd5 Qa7 24. Ne3 g6 25. g4 f4 26. Nd5 g5 27. Nxe7+ Nxe7
28. Nxg5 Nd5 29. Qc2 Nf8 30. Qe4 Rad8 31. Bxf4 Nxf4 32. Qxf4 Ng6 33. Qf2 Qb7
34. Rf1 Re7 35. Rad1 Qd5 36. b3 Red7 37. Qf5 Qc6 38. Nxf7 Rf8 39. e6 Rd5 40.
Qe4 Re8 41. Rf5 Ne7 42. Nh6+ Kh8 43. Rxd5 Qxd5 44. Re1 Rc8 45. Qxd5 Nxd5 46. e7
1-0

[Event " ch N1 B"]
[Site "Hyères"]
[Date "2006.10.15"]
[Round "1.4"]
[White "Garro, Pierre"]
[Black "Duquesnoy, Jean-Philippe"]
[Result "1/2-1/2"]
[WhiteElo "2182"]
[BlackElo "2237"]
[PlyCount "114"]
[EventDate "2006.10.15"]

1. e4 c5 2. Nf3 e6 3. d4 cxd4 4. Nxd4 Nf6 5. Nc3 Nc6 6. Ndb5 Bc5 7. Bf4 O-O 8.
Bc7 Qe7 9. Bd6 Bxd6 10. Qxd6 Ne8 11. Qxe7 Nxe7 12. O-O-O f5 13. Bd3 fxe4 14.
Bxe4 d5 15. Bf3 Bd7 16. Nd4 Nc7 17. Rhe1 Rae8 18. Rd2 Nc6 19. Nb3 b6 20. Bg4
Bc8 21. g3 e5 22. Bxc8 Rxc8 23. Nxd5 Nxd5 24. Rxd5 Rxf2 25. Rd2 Rcf8 26. c3
R8f6 27. Rde2 Kf7 28. Nd2 Ke6 29. Ne4 Rxe2 30. Rxe2 Rf1+ 31. Kc2 Kd5 32. Ng5 h6
33. Rd2+ Nd4+ 34. cxd4 hxg5 35. dxe5+ Kxe5 36. Rd7 Rf2+ 37. Kb3 Rxh2 38. Rxg7
Kd4 39. Rxg5 Rf2 40. Rg4+ Kc5 41. Rf4 Rg2 42. Rg4 Rf2 43. a4 a6 44. Ka3 Rf3+
45. b3 Kd5 46. Rg6 Kc5 47. g4 Rg3 48. Rg5+ Kd6 49. Kb4 Rf3 50. Rg6+ Kc7 51. g5
Rf4+ 52. Kc3 Rf3+ 53. Kb4 Rf4+ 54. Ka3 Rg4 55. Rg8 a5 56. g6 Rg2 57. Rg7+ Kc6
1/2-1/2

[Event " ch N1 B"]
[Site "Hyères"]
[Date "2006.10.15"]
[Round "1.5"]
[White "Salus, Stephane"]
[Black "Langevin, Philippe"]
[Result "1/2-1/2"]
[WhiteElo "2223"]
[BlackElo "2216"]
[PlyCount "21"]
[EventDate "2006.10.15"]

1. c4 Nf6 2. d4 g6 3. Nc3 Bg7 4. e4 O-O 5. Nf3 d6 6. Be2 Bg4 7. Be3 Nfd7 8. Ng1
Bxe2 9. Ngxe2 Nc6 10. O-O e5 11. d5 $11 1/2-1/2

[Event " ch N1 B"]
[Site "Hyères"]
[Date "2006.10.15"]
[Round "1.6"]
[White "Gamet, Arnaud"]
[Black "Barret, Simon"]
[Result "1-0"]
[WhiteElo "2103"]
[BlackElo "2127"]
[PlyCount "57"]
[EventDate "2006.10.15"]

1. d4 d5 2. Nf3 Nf6 3. Bf4 c5 4. c3 cxd4 5. cxd4 Qb6 6. Qc1 Nc6 7. e3 Bf5 8.
Nc3 Rc8 9. Be2 Ne4 10. Nxd5 Qa5+ 11. Nc3 e5 12. dxe5 Nxc3 13. bxc3 Ba3 14. Qd2
Rd8 15. Nd4 O-O 16. Bf3 Rd7 17. O-O Nxe5 18. Bxe5 Qxe5 19. Qe2 Rfd8 20. Rfd1
Bg6 21. c4 a6 22. Bd5 Bc5 23. Nb3 Ba7 24. Bxb7 a5 25. Bd5 a4 26. Na5 Rxd5 27.
cxd5 Rxd5 28. Nc6 Qf6 29. Nxa7 1-0

[Event " ch N1 B"]
[Site "Hyères"]
[Date "2006.10.15"]
[Round "1.7"]
[White "Valles, Manuel"]
[Black "Baudson, Charles"]
[Result "1-0"]
[WhiteElo "2080"]
[BlackElo "2056"]
[PlyCount "105"]
[EventDate "2006.10.15"]

1. d4 Nf6 2. Nf3 c5 3. e3 e6 4. Bd3 d5 5. b3 b6 6. O-O Ba6 7. Bxa6 Nxa6 8. Ne5
Rc8 9. Qd3 Nb4 10. Qb5+ Nd7 11. a3 a6 12. Qxd7+ Qxd7 13. Nxd7 Nxc2 14. Ra2 cxd4
15. Nxb6 Rc6 16. Nc4 dxe3 17. fxe3 dxc4 18. Rxc2 Rb6 19. b4 Be7 20. Rxc4 O-O
21. Bb2 a5 22. Bd4 Rb5 23. Nc3 Rg5 24. Ne4 Rd5 25. Bc5 Bxc5 26. Rxc5 axb4 27.
axb4 Rd3 28. Rc3 Rd5 29. Rb1 f5 30. Nc5 Rc8 31. Kf1 Kf7 32. Ke2 Ke7 33. Rd3
Rxd3 34. Kxd3 e5 35. Kc4 f4 36. exf4 exf4 37. b5 Rb8 38. Kd5 Rb6 39. Re1+ Kd8
40. Re6 Rb8 41. Kc6 Rc8+ 42. Kd6 Rb8 43. Kc6 Rc8+ 44. Kd5 Rb8 45. b6 h5 46. b7
h4 47. Rg6 h3 48. Rxg7 hxg2 49. Rxg2 Ke7 50. Rf2 Rh8 51. Rxf4 Rd8+ 52. Kc4 Rd2
53. Re4+ 1-0

[Event " ch N1 B"]
[Site "Hyères"]
[Date "2006.10.15"]
[Round "1.8"]
[White "Macarry, Elodie"]
[Black "Bomba, Melody"]
[Result "1-0"]
[WhiteElo "1921"]
[BlackElo "1860"]
[PlyCount "55"]
[EventDate "2006.10.15"]

1. e4 e5 2. Nc3 Nf6 3. Bc4 Be7 4. d3 d6 5. f4 exf4 6. Bxf4 Bg4 7. Nf3 O-O 8. h3
Be6 9. Bb3 Nh5 10. Be3 Bxb3 11. axb3 Ng3 12. Rg1 f5 13. Bf2 fxe4 14. dxe4 Nh5
15. Qd5+ Kh8 16. Qxh5 Nc6 17. Nd5 Bf6 18. c3 a6 19. O-O-O g6 20. Qh6 Bg7 21.
Qh4 Qxh4 22. Bxh4 Rac8 23. Kc2 Rfe8 24. Rge1 Ne5 25. Nxe5 Rxe5 26. Bf6 Bxf6 27.
Nxf6 Kg7 28. Nd5 1-0

[Event " ch N1 B"]
[Site "Mulhouse"]
[Date "2006.10.15"]
[Round "1.1"]
[White "Riff, Vincent"]
[Black "Lazarev, Vladimir"]
[Result "0-1"]
[WhiteElo "2322"]
[BlackElo "2497"]
[PlyCount "126"]
[EventDate "2006.10.15"]

1. e4 c5 2. Nf3 Nc6 3. Bb5 g6 4. O-O Bg7 5. c3 Nf6 6. Re1 Qb6 7. Na3 a6 8. Bf1
d6 9. h3 O-O 10. Nc2 e5 11. d3 h6 12. Ne3 Be6 13. Nh2 Kh7 14. g4 Ng8 15. Bg2
Kh8 16. Nhf1 Nce7 17. Ng3 Rad8 18. c4 Qc7 19. h4 Nc6 20. g5 f5 21. gxf6 Nxf6
22. h5 g5 23. Nef5 Ng8 24. Bh3 Qd7 25. Be3 Nge7 26. Qf3 Nd4 27. Bxd4 exd4 28.
Qe2 Nc6 29. Rf1 Be5 30. Bg4 Rf6 31. f3 Rdf8 32. Nh1 Bf4 33. Kg2 Re8 34. Nfg3
Bxg3 35. Nxg3 Rf4 36. Bxe6 Rxe6 37. Kf2 Qf7 38. Ke1 Ne5 39. Kd2 Nxf3+ 40. Kc2
g4 41. Rad1 Kh7 42. Kb1 b5 43. Qc2 Re5 44. cxb5 axb5 45. Rf2 d5 46. Re2 dxe4
47. Nxe4 Qe7 48. Nc3 Rxe2 49. Nxe2 Rf8 50. Ng3 Kh8 51. a4 bxa4 52. Ne4 a3 53.
Qa4 axb2 54. Qc6 Qg7 55. Nxc5 Qf6 56. Qe4 Qd6 57. Nb3 g3 58. Qg4 Qf4 59. Qh3
Rg8 60. Qg2 Nh4 61. Qxb2 Nf5 62. Rg1 Qe3 63. Rg2 Qxd3+ 0-1

[Event " ch N1 B"]
[Site "Mulhouse"]
[Date "2006.10.15"]
[Round "1.2"]
[White "Vernay, Clovis"]
[Black "Kurmann, Oliver"]
[Result "0-1"]
[WhiteElo "2293"]
[BlackElo "2417"]
[PlyCount "74"]
[EventDate "2006.10.15"]

1. d4 d5 2. c4 c6 3. Nf3 Nf6 4. Nc3 a6 5. c5 Bf5 6. h3 Nbd7 7. Bf4 e6 8. e3 Be7
9. Bd3 Qc8 10. O-O O-O 11. Rc1 Bd8 12. Qc2 Bxd3 13. Qxd3 Bc7 14. b4 Re8 15. Ne5
a5 16. a3 Nxe5 17. Bxe5 Bxe5 18. dxe5 Nd7 19. f4 axb4 20. axb4 Ra3 21. Qd4 b6
22. e4 bxc5 23. bxc5 Qa6 24. f5 Qc4 25. Qd2 Qxc5+ 26. Kh1 Qb4 27. Qf4 exf5 28.
Qxf5 Nxe5 29. Nb1 Ra6 30. exd5 cxd5 31. Rc8 Qf8 32. Rfc1 Rae6 33. R8c5 g6 34.
Qf1 Nc4 35. Rb5 Qh6 36. Kh2 Ne3 37. Qg1 Ng4+ 0-1

[Event " ch N1 B"]
[Site "Mulhouse"]
[Date "2006.10.15"]
[Round "1.3"]
[White "Fargere, Francois"]
[Black "Benitah, Yohan"]
[Result "1/2-1/2"]
[WhiteElo "2315"]
[BlackElo "2412"]
[PlyCount "80"]
[EventDate "2006.10.15"]

1. e4 e6 2. d4 d5 3. Nd2 Nf6 4. e5 Nfd7 5. Bd3 c5 6. c3 Nc6 7. Ne2 cxd4 8. cxd4
a5 9. O-O Nb6 10. Nf3 Be7 11. Nf4 g6 12. Nh3 h6 13. Nf4 a4 14. a3 Na5 15. Rb1
Qc7 16. Be3 Bd7 17. Nd2 Nbc4 18. Bxc4 Nxc4 19. Nxc4 Qxc4 20. Qd2 Qa6 21. Rfc1
Bb5 22. Re1 Bc4 23. Qd1 O-O-O 24. Bd2 Kb8 25. Bc3 Rc8 26. Qf3 Rh7 27. Ra1 Qb5
28. Qe3 Rc6 29. Qg3 Rb6 30. Nh5 Ka7 31. Nf6 Rh8 32. Qf4 h5 33. h4 Qc6 34. Re3
Rb3 35. Rg3 Qb5 36. Qd2 Bf8 37. f4 Be7 38. Kh2 Qc6 39. Ba5 Rc8 40. Rxb3 Bxb3
$11 1/2-1/2

[Event " ch N1 B"]
[Site "Mulhouse"]
[Date "2006.10.15"]
[Round "1.4"]
[White "Renaze, Luc"]
[Black "Lerch, Patrice"]
[Result "1-0"]
[WhiteElo "2344"]
[BlackElo "2281"]
[PlyCount "43"]
[EventDate "2006.10.15"]

1. d4 Nf6 2. c4 e6 3. Nf3 b6 4. g3 Ba6 5. Qc2 c5 6. Bg2 Bb7 7. O-O Qc8 8. dxc5
Bxc5 9. Nc3 d5 10. Bg5 dxc4 11. Bxf6 gxf6 12. Ne4 Be7 13. Rfd1 O-O 14. Nd6 Bxd6
15. Rxd6 Rd8 16. Ng5 Rd7 17. Rxd7 Qxd7 18. Rd1 Bd5 19. Qxh7+ Kf8 20. Qh6+ Ke7
21. Nh7 Na6 22. Nxf6 1-0

[Event " ch N1 B"]
[Site "Mulhouse"]
[Date "2006.10.15"]
[Round "1.5"]
[White "Hell, Pascal"]
[Black "Ravot, Sylvain"]
[Result "1-0"]
[WhiteElo "2211"]
[BlackElo "2254"]
[PlyCount "103"]
[EventDate "2006.10.15"]

1. d4 d5 2. Nf3 Nf6 3. g3 c6 4. Bg2 Bf5 5. O-O h6 6. b3 e6 7. c4 a5 8. Nc3 Be7
9. Ne5 Nbd7 10. Nxd7 Qxd7 11. Na4 Ra6 12. c5 O-O 13. f3 Bd8 14. Bd2 Bc7 15. Bc3
Qe7 16. Qd2 e5 17. e3 e4 18. f4 Qd7 19. a3 h5 20. Nb2 Rfa8 21. Nd1 g6 22. Nf2
Ng4 23. Nxg4 Bxg4 24. b4 h4 25. gxh4 Bd8 26. Qf2 axb4 27. axb4 Ra3 28. Rxa3
Rxa3 29. Qb2 Ra8 30. Qf2 Qf5 31. Rb1 Qh5 32. Be1 Be2 33. Bh3 f5 34. Bf1 Bf3 35.
h3 Kf7 36. b5 Ke8 37. bxc6 bxc6 38. Qb2 Qh7 39. Ra1 Ra7 40. Rb1 Qd7 41. Qb8 Qc7
42. h5 Kf7 43. h6 Qxb8 44. Rxb8 Bf6 45. h7 Ke6 46. h8=Q Bxh8 47. Rxh8 Ra1 48.
Bh4 Be2 49. Rh7 g5 50. Bxg5 Rxf1+ 51. Kg2 Bf3+ 52. Kxf1 1-0

[Event " ch N1 B"]
[Site "Mulhouse"]
[Date "2006.10.15"]
[Round "1.6"]
[White "Safranska, Anda"]
[Black "Fischer, Marc"]
[Result "1/2-1/2"]
[WhiteElo "2279"]
[BlackElo "2175"]
[PlyCount "79"]
[EventDate "2006.10.15"]

1. e4 e6 2. d3 d5 3. Qe2 Nc6 4. Nf3 Nf6 5. g3 dxe4 6. dxe4 e5 7. Bg2 Bc5 8. O-O
O-O 9. c3 a5 10. h3 b6 11. Rd1 Qe7 12. Nh4 Ba6 13. Qe1 Rfd8 14. Rxd8+ Rxd8 15.
Nd2 Qe8 16. Nf1 Ne7 17. Bg5 Rd6 18. Nf3 Nc6 19. Nh4 Ne7 20. Nf5 Nxf5 21. exf5
Qb5 22. b3 Bc8 23. g4 h6 24. Bxf6 Rxf6 25. Ng3 Rd6 26. Ne4 Rd8 27. Rd1 Rxd1 28.
Qxd1 Bf8 29. f6 Qd7 30. Qf3 g6 31. Ng3 Bc5 32. Qa8 Kh7 33. Bd5 h5 34. Ne4 Kh6
35. Nxc5 bxc5 36. Bxf7 Qd1+ 37. Kg2 Qd7 38. h4 Qxg4+ 39. Kf1 Qd1+ 40. Kg2
1/2-1/2

[Event " ch N1 B"]
[Site "Mulhouse"]
[Date "2006.10.15"]
[Round "1.7"]
[White "Leburgue, Sylvain"]
[Black "Debray, Tristan"]
[Result "1-0"]
[WhiteElo "2179"]
[BlackElo "2132"]
[PlyCount "73"]
[EventDate "2006.10.15"]

1. e4 Nf6 2. e5 Nd5 3. d4 d6 4. c4 Nb6 5. exd6 cxd6 6. Nc3 g6 7. Be3 Bg7 8. Rc1
O-O 9. b3 e5 10. dxe5 dxe5 11. Qxd8 Rxd8 12. c5 N6d7 13. Nf3 Nc6 14. Bc4 Nd4
15. Ng5 Rf8 16. Nce4 h6 17. Nxf7 Kh7 18. Nfd6 Nf6 19. Nxf6+ Bxf6 20. O-O Rb8
21. Rfe1 Bd7 22. Ne4 Bg7 23. Bd5 Bf5 24. Nd6 Rfd8 25. Bxb7 Rxd6 26. cxd6 Rxb7
27. Bxd4 exd4 28. Re7 Rxe7 29. dxe7 Bd7 30. Rc7 Be8 31. Rc8 Bd7 32. Rd8 Bc6 33.
e8=Q Bxe8 34. Rxe8 Bf6 35. Kf1 d3 36. Re6 Kg7 37. Rd6 1-0

[Event " ch N1 B"]
[Site "Mulhouse"]
[Date "2006.10.15"]
[Round "1.8"]
[White "Soubrier, Aude"]
[Black "Richard, Emma"]
[Result "1-0"]
[WhiteElo "1938"]
[BlackElo "2006"]
[PlyCount "59"]
[EventDate "2006.10.15"]

1. e4 c5 2. Nc3 Nc6 3. Bb5 Nf6 4. Bxc6 dxc6 5. f4 g6 6. d3 Bg7 7. Nf3 O-O 8.
O-O Qc7 9. Qe1 Nh5 10. Ne2 Rd8 11. h3 Nf6 12. Ne5 b5 $11 13. Bd2 Nd7 14. Qf2 c4
15. d4 Nxe5 16. fxe5 e6 17. Bg5 Re8 18. Qe3 c5 19. c3 Bb7 20. Bf6 Rac8 21. Ng3
Bxf6 22. exf6 Qd6 23. e5 Qf8 24. Rad1 cxd4 25. Rxd4 Bd5 26. Kh2 h5 27. Nxh5 Kh7
28. Ng7 Red8 29. Rh4+ Kg8 30. Qh6 1-0

[Event " ch N1 B"]
[Site "Epinal"]
[Date "2006.10.15"]
[Round "1.1"]
[White "Sikula, Vaszilij"]
[Black "Chernuschevich, Alexei"]
[Result "1/2-1/2"]
[WhiteElo "2515"]
[BlackElo "2514"]
[PlyCount "30"]
[EventDate "2006.10.15"]

1. e4 c5 2. Nf3 e6 3. d4 cxd4 4. Nxd4 a6 5. c4 Nf6 6. Nc3 d6 7. Be2 Be7 8. O-O
O-O 9. Be3 b6 10. Qd2 Bb7 11. f3 Nbd7 12. Rfd1 Qb8 13. Kh1 Bd8 14. Bf1 Bc7 15.
h3 Re8 $11 1/2-1/2

[Event " ch N1 B"]
[Site "Epinal"]
[Date "2006.10.15"]
[Round "1.2"]
[White "Claverie, Christophe"]
[Black "Okhotnik, Vladimir"]
[Result "1/2-1/2"]
[WhiteElo "2314"]
[BlackElo "2477"]
[PlyCount "124"]
[EventDate "2006.10.15"]

1. d4 c5 2. d5 f5 3. Nc3 Nf6 4. Nf3 g6 5. e4 fxe4 6. Ng5 Bg7 7. Ngxe4 Nxe4 8.
Nxe4 d6 9. c3 Nd7 10. Ng5 Nf6 11. Bb5+ Kf8 12. a4 a6 13. Bc4 h6 14. Nf3 g5 15.
O-O Bf5 16. Re1 b5 17. Bd3 Bd7 18. Bc2 Rb8 19. axb5 axb5 20. Be3 $11 Ra8 21.
Qd3 Rxa1 22. Rxa1 Qb8 23. Rd1 Be8 24. b3 Bf7 25. c4 Qc8 26. Re1 Ne8 27. Qe2 Qd7
28. Bd3 b4 29. Qc2 Bc3 30. Bd2 Bf6 31. Bf5 Qc7 32. Bc1 Ng7 33. Bd3 Nh5 34. Bg6
Kg7 35. Bxf7 Kxf7 36. Qe4 Qd8 37. g4 Ng7 38. h3 Qe8 39. Kg2 Qg8 40. Rh1 Qh7 41.
Qe2 Qg6 42. h4 gxh4 43. Nxh4 Bxh4 44. Rxh4 h5 45. Bb2 Rh7 46. Bxg7 Rxg7 47. Kf3
hxg4+ 48. Rxg4 Qh6 49. Qe4 $11 Ke8 50. Rxg7 Qxg7 51. Qg4 Qe5 52. Qg8+ Kd7 53.
Qa8 e6 54. Qb7+ Kd8 55. Qb8+ Ke7 56. Qc7+ Kf6 57. Qd8+ Kf5 58. Qf8+ Qf6 59.
Qxd6 Qb2 60. Kg3 Qc3+ 61. Kg2 Qe1 62. Kg3 Qc3+ 1/2-1/2

[Event " ch N1 B"]
[Site "Epinal"]
[Date "2006.10.15"]
[Round "1.3"]
[White "Adrian, Claude"]
[Black "Sermier, Guillaume"]
[Result "1/2-1/2"]
[WhiteElo "2314"]
[BlackElo "2368"]
[PlyCount "37"]
[EventDate "2006.10.15"]

1. Nf3 Nf6 2. c4 c6 3. d4 d5 4. Nc3 a6 5. g3 e6 6. Bg2 Be7 7. O-O O-O 8. b3 b5
9. Ne5 Bb7 10. Bf4 Nh5 11. e3 Nxf4 12. gxf4 Nd7 13. Kh1 Rb8 14. c5 f5 15. Rg1
Rf6 16. Qf3 Rh6 17. Bf1 Nxe5 18. fxe5 Kh8 19. Bd3 $11 1/2-1/2

[Event " ch N1 B"]
[Site "Epinal"]
[Date "2006.10.15"]
[Round "1.4"]
[White "Burnier, David"]
[Black "Bakalarz, Mieczyslaw"]
[Result "1/2-1/2"]
[WhiteElo "2316"]
[BlackElo "2380"]
[PlyCount "120"]
[EventDate "2006.10.15"]

1. d4 Nf6 2. c4 g6 3. Nc3 d5 4. Bf4 Bg7 5. Rc1 c6 6. e3 Be6 7. Nf3 dxc4 8. Ng5
Bd5 9. e4 h6 10. exd5 hxg5 11. dxc6 Nxc6 12. Be3 Qd6 13. Bxc4 Rxh2 14. Rxh2
Qxh2 15. Qb3 Nd8 16. Qb5+ Kf8 17. Qxg5 Rc8 18. Bb3 b5 19. Qxb5 Qxg2 20. Qf1 Qh2
21. d5 Bh6 22. Bxh6+ Qxh6 23. Rd1 Nb7 24. Qa6 Nd6 25. Qxa7 Qh1+ 26. Ke2 Qh5+
27. Ke1 Ng4 28. Rd3 Qh1+ 29. Ke2 Qc1 30. Rd2 Nh2 31. Nd1 Ne4 32. Rd3 Rc2+ 33.
Bxc2 Qxc2+ 34. Ke3 f5 35. Kd4 Nxf2 36. Qb8+ Kf7 37. Nxf2 Qxf2+ 38. Kc4 Nf3 39.
Kb3 Qe2 40. Kc3 Qe1+ 41. Kb3 Qe2 42. Rc3 Nd2+ 43. Kb4 Ne4 44. Rb3 Qd2+ 45. Kc4
Qc2+ 46. Kd4 Qc5+ 47. Ke5 Nf6 48. Qb5 Qf2 49. d6 Qh2+ 50. Kd4 Qxd6+ 51. Kc4
Qf4+ 52. Kd3 Qe4+ 53. Kd2 f4 54. Rd3 g5 55. Qxg5 Qb4+ 56. Kc2 Qc4+ 57. Rc3 Qe4+
58. Kb3 Qb7+ 59. Kc2 Qe4+ 60. Kb3 Qb7+ 1/2-1/2

[Event " ch N1 B"]
[Site "Epinal"]
[Date "2006.10.15"]
[Round "1.5"]
[White "Spielmann, Alain"]
[Black "Vesin, Jean-Robert"]
[Result "0-1"]
[WhiteElo "2247"]
[BlackElo "2299"]
[PlyCount "44"]
[EventDate "2006.10.15"]

1. Nf3 g6 2. c4 Bg7 3. e4 c5 4. d4 Nc6 5. d5 Nd4 6. Nxd4 cxd4 7. Bd3 d6 8. O-O
Nf6 9. Bg5 Qb6 10. Nd2 O-O 11. Rb1 a5 12. Kh1 Re8 13. f4 Nd7 14. Qe1 Nc5 15.
Rf3 e6 16. dxe6 Bxe6 17. Qh4 Nxd3 18. Rxd3 f5 19. Bf6 fxe4 20. Rxd4 Bf5 21. Re1
Bxf6 22. Qxf6 Re6 0-1

[Event " ch N1 B"]
[Site "Epinal"]
[Date "2006.10.15"]
[Round "1.6"]
[White "Frederic, Clement"]
[Black "Grenouilloux, Alain"]
[Result "1-0"]
[WhiteElo "2234"]
[BlackElo "2095"]
[PlyCount "60"]
[EventDate "2006.10.15"]

1. e4 d6 2. d4 Nf6 3. Nc3 g6 4. f4 Bg7 5. a3 b6 6. Nf3 Bb7 7. Bd3 O-O 8. O-O e6
9. f5 exf5 10. exf5 Nbd7 11. Bg5 Re8 12. Qd2 a5 13. Qf4 Re7 14. Nd2 Qe8 15. Qh4
Re3 16. Bxe3 Qxe3+ 17. Rf2 g5 18. Qh3 Qxd4 19. Nb3 Qg4 20. Qe3 Re8 21. Qd2 a4
22. Nc1 Nh5 23. Be2 Qh4 24. Bxh5 Qxh5 25. N1e2 Qg4 26. Raf1 Nc5 27. f6 Bh6 28.
h3 Qh5 29. Nd4 g4 30. Qd1 gxh3 1-0